Stati per consumo di Petrolio - Statistics

Statistiche generali
  • Questo quiz è stato fatto 13 volte
  • Il punteggio medio è 13 su 15
Statistiche sulle risposte
Barili / giorno Continente Nazione % Corretto
2 800 000 America del Sud Brasile
100%
16 000 000 Asia Cina
100%
5 162 787 Asia India
100%
3 200 000 America del Nord Canada
92%
5 000 000 Asia Giappone
92%
21 100 000 America del Nord Stati Uniti
92%
4 500 000 Asia Arabia Saudita
83%
1 700 000 Europa Francia
83%
2 500 000 Europa Germania
83%
2 000 000 Asia Indonesia
83%
1 800 000 America del Nord Messico
83%
3 500 000 Asia / Europa Russia
83%
1 600 000 Asia Thailandia
83%
3 000 000 Asia Corea del Sud
75%
2 200 000 Asia Iran
75%
Nessun quiz corrispondente trovato
Distribuzione punteggi
Percentuale di utenti per punteggio
Percentile per numero di risposta
I tuoi punteggi nel tempo
Non hai fatto questo quiz